000 00643nam a22002057a 4500
005 20230912104450.0
010 _aENG-137849
020 _c1800.00
035 _aEN-121381
037 _bDBAD/PUB
082 _a347.052
100 _aManohar
_956278
245 _aThe A.I.R. Manual:
_bUnrepealed Central Acts (Civil and Criminal) /
_cby Manohar & Chitaley
260 _aNagpur
_bAll India Reporter Pvt.Ltd.
_c2016
270 _aPost Box No. 209, Congress Nagar, Nagpur
_bNagpur
_e440012
300 _a1884p.
_c26cm(Hb)
500 _a6th Edition Volume 41
700 _aChitaley
_956279
942 _2ddc
_cEN
_h347.052
_mMAN
999 _c197321
_d197321